| 000 | 01209nam a2200277 a 4500 | ||
|---|---|---|---|
| 001 | 000022074 | ||
| 005 | 20240502132913.0 | ||
| 008 | 100916s1997 dr a 001 0dspa d | ||
| 040 |
_aDO-SdBNP _bspa _cBNPHU |
||
| 082 |
_a232 _bM516j, 1997 |
||
| 100 | 1 |
_aMejía Vallejo, Fausto Ramón _920492 |
|
| 245 | 1 | 0 |
_aJesucristo evangelio viviente del Padre / _cFausto Ramón Mejía Vallejo, José Salvador Mejía ; prólogo Mateo Andrés. |
| 250 | _a2ª ed. | ||
| 260 |
_aSanto Domingo : _bMSC, _c1997. |
||
| 300 |
_a173 p. : _bil. ; _c22 cm. |
||
| 505 | 0 |
_gPrólogo / _tMateo Andrés -- _tIntroducción: Jesús evangelizador -- _tPreparando la llegada del Mesías -- _tEl nacimiento de Cristo-Mesías -- _t¿Quien es Jesucristo? -- _tEl proceder de Jesús -- _tLa finalidad de Jesús: El Reino -- _tEl sentido liberador de Jesús -- _tJesús continúa en el tiempo. |
|
| 590 | _aInventariado, 2018/BT | ||
| 600 | 1 | 4 |
_aJESUCRISTO _9444 |
| 600 | 1 | 4 |
_aJESUCRISTO-DIVINIDAD _945728 |
| 600 | 1 | 4 |
_aESPÍRITU SANTO _945729 |
| 650 | 0 |
_aCristianismo _9885 |
|
| 650 | 4 |
_aEscatología _945730 |
|
| 700 | 1 |
_aMejía, José Salvador _945731 |
|
| 700 | 1 |
_aAndrés, Mateo, _epról. _97205 |
|
| 910 | _aValidado. Control de calidad. EMS | ||
| 999 |
_c21572 _d21572 |
||